| 000 | 00670nam a2200193 i 4500 | ||
|---|---|---|---|
| 001 | 154260 | ||
| 003 | ES-MaACL | ||
| 005 | 20230906205604.0 | ||
| 008 | 931025s1869 po |||| | por d | ||
| 100 | 1 |
_aGarrett, Almeida. _955660 |
|
| 245 | 1 | 0 |
_aMerope _b; Gil-Vicente / _cdo V. de Almeida Garret. |
| 250 | _a3ª ed. | ||
| 260 |
_aLisboa : _bImprensa Nacional : [s.n.], _c1869. |
||
| 300 |
_a291 p. ; _c16 cm. |
||
| 490 | 1 |
_aObras de Joâo Baptista de Almeida-Garrett ; _v3. _aTheatro ; _v2 |
|
| 830 | 0 |
_aObras de Joâo Baptista de Almeida-Garrett ; _v3. _aTheatro ; _v2 _9221479 |
|
| 852 |
_aES-MaACL _jG-8614 _z. - Enc. pasta española |
||
| 999 |
_c154260 _d154260 |
||